00669nam a2200133Ia 4500008004100000040001800041041000800059100002400067245007000091260004700161300001800208505027600226650003300502130821s1934 ck gr spa  aCo-BoUCMbspa00aspa20aEscallón, Ignacio10aProceso histórico del conflicto amazónicocIgnacio Escallón aBogotá (Colombia)bEditorial Nuevac1934 a283 páginas0 aPolítica internacional de Don Pedro Gual. -- Tratado de límites Lozano-Salomón. -- El plan Belaunde. -- El comité de conciliación. -- La mediación del Brasil. -- Rompimiento de relaciones diplomáticas entre Colombia y el Perú. -- El abanderado de Ginebra.04aGuerra Colombo-Peruana, 1933